01279nam a22003377a 4500003000500000005001700005008004100022010001000063011001000073035001000083040000900093090001000102100003700112245011400149260003900263300001000302502010300312590003700415590004100452590004100493590004100534590004200575650004800617650003600665650003500701901000700736942001000743949004300753999001700796952012800813CHAP20220329140216.0971013s1981 r 00010 d a48596 a49568 a53717 cCHAP aTesis00aVela Staines, Guillermo.9118357 aEstudio de factibilidad económica de la producción de hortalizas para un caso particular en Apodaca, N.L. aMonterrey, N.L. :bEl autor,c1981 a48 h. aTesis (Ing. Agrónomo Administrador) -- ITESM. División de Ciencias Agropecuarias y Marítimas aALEPHb10c20130110lUCH01h1320 aBATCH-UPDb10c20130110lUCH01h1341 aBATCH-UPDb10c20130410lUCH01h0842 aBATCH-UPDb10c20130914lUCH01h1623 aCONVERSIONb10c20130109lUCH01h132714aHorticulturaxAspectos económicos.95629914aLegumbresxNuevo León.96576514aLegumbresxRendimiento.965781 aBK cTESIS bBCcTESd-118939eTS1h19213i53717si c48596d48596 00102local4051708TESISaBCbBCcPA_TESISd2019-12-31fTESISl0oTesisp-118939r2019-12-31 00:00:00w2019-12-31yTESIS